000 00415nam a2200145 4500
001 121163
003 ES-MaACL
005 20230906191712.0
007 t|
008 070214s1905 sp r ||||1| spa d
100 1 _aPons y Umbert, Adolfo.
_993034
245 1 3 _aEl deber social
_b: ( notas de pedagogĂ­a polĂ­tica) /
_cAdolfo Pons y Umbert.
260 _aMadrid :
_b[s.n.],
_c1905.
852 _aES-MaACL
_jT-1032-F-5
999 _c121163
_d121163